000
00238nam a2200097Ia 4500
001
743745
005
20250826164244.0
008
250824s9999 xx 000 0 und d
245
0
_a
TAVAN ARASI ÖYKÜLER
_c
FATMA TUTAK
260
_b
KENT KARDEŞ
999
_c
743745
_d
743745